Recent Drawings USA /
Colección:
Bulletin of the Museum of Modern Art,
; Vol. 23, no. 4
Idioma:
English
MARC
| LEADER | 00000nam a22000007a 4500 | ||
|---|---|---|---|
| 001 | 24719 | ||
| 003 | AGDB | ||
| 005 | 20260324181537.0 | ||
| 008 | 251021b -us||||| |||| 00| 0 eng d | ||
| 041 | |a eng | ||
| 110 | |a Museum of Modern Art (Nova York, Nova York, Estats Units d'Amèrica) |9 72606 | ||
| 245 | |a Recent Drawings USA / |c sponsored by the Junior Council of the Museum of Modern Art | ||
| 260 | |a [New York] : |b [The Museum] , |c [1956] | ||
| 490 | |a Bulletin of the Museum of Modern Art, |v Vol. 23, no. 4 | ||
| 500 | |a Prové del fons Joan Junyer i Pascual (1909-1994) | ||
| 500 | |a Títol extret de la coberta | ||
| 500 | |a Pròlegs de Elizabeth A. Strauss i William S. Lieberman | ||
| 650 | |a Fons Joan Junyer i Pascual (1909-1994) |9 72777 | ||
| 650 | 0 | |a Dibuix |v Catàlegs |z Estats Units d'Amèrica |0 http://id.loc.gov/authorities/subjects/sh2008102410 |9 72607 | |
| 710 | |a Museum of Modern Art (Nova York, Nova York, Estats Units d'Amèrica) |9 72606 | ||
| 942 | |2 udc |c ARXIU |n 1 | ||
| 952 | |0 0 |1 0 |4 0 |6 F504114 |7 1 |9 98530 |a Arxiu |b Arxiu |d 2025-10-21 |l 0 |o F-504-114 |p 24719 |r 2025-10-21 13:52:07 |w 2025-10-21 |y ARXIU | ||
| 999 | |c 130281 |d 130281 | ||